000 00960cas a22002771 4500
001 12275
003 BD-RjUL
005 20211208235251.0
008 140128s1941 nyu x 0 1 a0eng
035 _a(BD-RjUL)12324
040 _aDLC
_beng
_cMnMULS
_dDLC
_dNST
_dN
_dOCoLC
_dNST
_dMH
_dNST
_dInU
_dOCoLC
_dCaQQL
_dOCoLC
_dBD-RjUL
041 _aeng
082 0 4 _a621.3
_bSTA 1941
245 0 0 _aStandard handbook for electrical engineers /
_cPre. by A Staff of Specialists.
260 _aNew York :
_bMcGraw-Hill ,
_cc1941
300 _axi, 2303 p. :
_bdiagrs., tables. ;
_c23 cm.
504 _aIncludes index.
650 0 _aElectrical engineering
_vHandbooks, manuals, etc.
_938106
650 6 _aÉlectrotechnique
_vPériodiques.
_938107
700 _aKnowlton, Archer E.
_938108
936 _aUnknown
_a1978 (surrogate)
942 _2ddc
_cBK
999 _c12275
_d12275